00482nam a22001457a 4500020001800000040000900018082001500027100002900042245006700071260003300138650003000171942001200201999001900213952010400232 a9780136250470 cNust a513.5bMAT aJohn H. Mathews 9126517 aNumerical methods bFor mathematics, Science, and engineering  aUSA:bPrentice Hall,c1992. aNumerical methods 956168 2ddccBK c612184d612184 00102ddc4070aCEMEbCEMEcGENd2024-10-28l0o513.5 MATpCEME- 31148r2024-10-28w2024-10-28yBK